000 00536nam a2200181Ia 4500
008 100921s9999 xx 000 0 und d
082 _b18795
_a891.463 थ 84
100 _aराजाध्यक्ष विजया.
245 _aअधांतर.
260 _bसन पब्लिकेशन,पुणे.
_c1984
300 _a205
_b---
365 _b40
520 _aललित-कथा.
630 _aअधांतर.
650 _aललित-कथा.
730 _aअधांतर.
942 _cBOOK
999 _c767908
_d767905